000 00506nam a2200169Ia 4500
003 GCL
008 140319s9999 xx 000 0 ara d
040 _aGCL /
_cGCL
082 0 4 _aق
_b923.2
_bم س
100 1 _aمحمد فريد ابوحديد
245 1 0 _aسيرة السيد عمر مكرم /
_cمحمد فريد ابوحديد
300 _a219
490 _a100 قصة
_v0
650 0 4 _aعمر مكرم
650 0 4 _aمصر - تاريخ - العصر الحديث (1805 - 1956 )
942 _2ddc
_cBK
999 _c44225
_d44225